| 000 | 00588nam a2200193Ii 4500 | ||
|---|---|---|---|
| 003 | JO-AjNU | ||
| 008 | 230606s9999||||xx |||||||||||||| ||und|| | ||
| 040 |
_aJO-AjNU _beng _erda _cJO-AjNU |
||
| 041 | _aeng | ||
| 050 | 1 | 4 | _aHF5548.8 .A685 .1984 |
| 100 | 3 |
_a Appell, Allen L, _eauthor _92892 |
|
| 245 | 0 | 0 | _a A practical approach to human behavior in business |
| 264 | 3 | 1 | _aColumbus:C.E. Merrill Pub. Co,1984 |
| 300 | _a95p | ||
| 336 |
_atext _btxt _2rdacontent |
||
| 337 |
_aunmediated _bn _2rdamedia |
||
| 338 |
_avolume _bnc _2rdacarrier |
||
| 650 | 4 |
_aPsychology- Industrial _92893 |
|
| 999 |
_aE1515 _c1515 _d1515 |
||